000 01228naa a22003497a 4500
001 BR8103228
003 BR-BrBNA
005 20240918174742.0
007 ta
008 230509b bl.||||| |||| 00| 0 por d
040 _aBR-BrBNA
_bpor
_cBiblioteca Nacional de Agricultura
041 _a(Pt)
072 _aF00; F30
_b1850
_bG514
090 _aF00 BR8103228
100 1 _aPadua, J.G. de
100 1 _aCarvalho, V.D. de
100 1 _aMurakama, M.
100 1 _aFati, H.
245 1 _aIntroducao e observacao de cultivares de tomateiro (Lycopersicon esculentum, Mill)rasteiro. Epoca da seca - 3. Sao Gotardo. Minas Gerais - 1978 [Brasil]
260 3 _aBelo Horitonte, MG (Brasil):
_c1981.
500 _aProjeto olericultura. Relatorio 77/78 Belo Horitonte, MG (Brasil): 1981. p. 252-253 (BR8103228-AM)F00
650 _aProducao vegetal
650 _aMelhoramento genetico vegetal
650 _aTomate
650 _aVariedade
650 _aPratica cultural
650 _aComportamento de variedade
650 _aMinas Gerais
773 0 _tProjeto olericultura. Relatorio 77/78
_wF00 BR8103228
_gBelo Horitonte, MG (Brasil), 1981. p. 252-253
909 _a202404
_bLucia
_c55
_dLucia Elande
942 _cAM
_2AGRIS
999 _c313333
_d313333